Droit civil
Gorde:
| Egile nagusia: | |
|---|---|
| Formatua: | Liburua |
| Hizkuntza: | frantsesa |
| Argitaratua: |
París
Universitaires de France
1969
|
| Edizioa: | 8a. ed |
| Saila: | Thémis
|
| Gaiak: | |
| Etiketak: |
Etiketa erantsi
Etiketarik gabe, Izan zaitez lehena erregistro honi etiketa jartzen!
|
MARC
| LEADER | 00000nam a2200000 a 4500 | ||
|---|---|---|---|
| 001 | UCS1427 | ||
| 003 | CL-VaPUC | ||
| 008 | 970509e19690000FR |||||||||||||||||fre|d | ||
| 082 | 0 | 4 | |a 346.44 |b CAR |2 21 |
| 100 | 0 | |a Carbonnier, Jean |e author |9 385877 | |
| 245 | 1 | 0 | |a Droit civil |
| 250 | |a 8a. ed | ||
| 300 | |a v | ||
| 942 | |c BK | ||
| 945 | |d 19970509 00:00:00 |a lriquelm | ||
| 260 | |a París |b Universitaires de France |c 1969 | ||
| 500 | |a v.1: Introduction les personnes | ||
| 650 | 0 | |a Derecho civil |9 255013 | |
| 650 | 7 | |a TEORIA GENERAL |2 CL-VaPUC |9 385870 | |
| 650 | 0 | |a Personas |9 255751 | |
| 650 | 0 | |a Derecho subjetivo |9 256705 | |
| 583 | |a last modification |c 19970509 00:00:00 |k Rodrigo Vera | ||
| 490 | 0 | |a Thémis | |
| 999 | |c 259520 |d 259518 | ||
| 952 | |0 0 |1 0 |4 0 |6 346_440000000000000_CAR_1969 |7 0 |8 P |9 284341 |a BIBDER |b BIBDER |d 2019-11-19 |h v.1 |i 1846442 |o 346.44 CAR 1969 |p 1846442 |r 2023-01-25 |w 2019-11-19 |y BK |k DER | ||